| 000 | 01206nam a2200289 i 4500 | ||
|---|---|---|---|
| 001 | 66457 | ||
| 003 | ES-MaACL | ||
| 005 | 20230906165642.0 | ||
| 007 | t| | ||
| 008 | 990909s1999 sp ||||0| baq d | ||
| 020 | _a84-7821-394-5 | ||
| 040 |
_aM-BN _bspa _cM-BN |
||
| 080 | _a7.046.3:069.5(460.156 V.) | ||
| 110 | 2 |
_aMuseo Diocesano de Arte Sacro (Vitoria-Gasteiz) _95871 |
|
| 245 | 1 | 0 |
_aElizbarrutiko Arte Sakratuaren Museoa _b: = Museo Diocesano de Arte Sacro / _c[koordinazioa, Félix López López de Ulibarri, Arantza Dabouza Salcedo ; testuak, Mikel Mintegi Areitioaurtena ... et al.]. |
| 260 |
_a[Vitoria-Gasteiz] : _bElizbarrutiko Arte Sakratuaren Museoa = Museo Diocesano de Arte Sacro, _c[1999] |
||
| 300 |
_a228 p : _bil. col ; _c22 x 22 cm. |
||
| 500 | _aTexto en vasco y castellano. | ||
| 504 | _aBibliografía p. 225-228. | ||
| 610 | 2 | 7 |
_aMuseo Diocesano de Arte Sacro (Vitoria-Gasteiz)- _vCatálogos. _95872 |
| 700 | 1 |
_aMintegi Areitioaurtena, Mikel. _981378 |
|
| 700 | 1 |
_aLópez López de Ullibarri, Félix. _973736 |
|
| 700 | 1 |
_aDabouza Salcedo, Arantza. _942403 |
|
| 740 | 0 | _aMuseo Diocesano de Arte Sacro. | |
| 852 |
_aES-MaACL _jL-26903 _bR.132346 |
||
| 999 |
_c66457 _d66457 |
||